| 000 | 00997pam a2200325 a 4500 | ||
|---|---|---|---|
| 001 | 2551 | ||
| 003 | FISKH | ||
| 005 | 20231215110150.0 | ||
| 008 | 831107s1984 nyu j 000 1 eng | ||
| 010 | _a 83022447 | ||
| 020 |
_a0027702200 : _c$9.95 |
||
| 020 | _a9780590440981 | ||
| 040 |
_aDLC _cDLC _dDLC _beng |
||
| 042 | _alcac | ||
| 050 | 0 | 0 |
_aPZ7.P2843 _bTr 1984 |
| 082 | 0 | 0 |
_a813.54 _219 |
| 100 | 1 | _aPaulsen, Gary | |
| 245 | 1 | 0 |
_aTracker / _cby Gary Paulsen |
| 260 |
_aNew York : _bScholastic, _c1984 |
||
| 300 |
_a90 pages : _c22 cm |
||
| 505 | _aZ | ||
| 520 | _aOnly thirteen, John must track a deer in the Minnesota woods for his family's winter meat, and in doing so finds himself drawn to the doe who leads him and hating his role as hunter. | ||
| 521 | 8 |
_a930 _bLexile |
|
| 521 | 8 |
_aZ _bRaz-Plus |
|
| 650 | 1 |
_aHunting _vFiction. |
|
| 650 | 1 |
_aDeer _vFiction. |
|
| 651 | 1 |
_aMinnesota _vFiction. |
|
| 906 |
_a7 _bcbc _corignew _d1 _eocip _f19 _gy-gencatlg |
||
| 942 |
_2ddc _cBK _n0 |
||
| 999 |
_c2551 _d2551 |
||